| 000 | 01882cam a22005057i 4500 | ||
|---|---|---|---|
| 999 | _c53191 | ||
| 001 | 07vslvp0xnqn9q6h | ||
| 003 | LIBRIS | ||
| 005 | 20201217142328.0 | ||
| 008 | 180627s2003 sw |||||||||||000 0|swe|d | ||
| 020 | _a9144022948 | ||
| 020 | _a9789144022949 | ||
| 040 |
_aH _bswe _ei _erda |
||
| 041 | 1 |
_aswe _hnor |
|
| 082 | 0 | 4 |
_a174.915 _222/swe |
| 084 |
_aDgdo _2kssb/7 |
||
| 100 | 1 |
_aØvreeide, Haldor _4aut |
|
| 240 | 1 | 0 |
_aFagetikk i psykologisk arbeid _lSvenska |
| 245 | 1 | 0 |
_aYrkesetik i psykologiskt arbete / _cHaldor Øvreeide ; översättning: Anita Erlandsson ; faktagranskning: Gerty Fredriksson och Bengt Göransson. |
| 250 | _aUpplaga 1 | ||
| 264 | 1 |
_aLund : _bStudentlitteratur, _c[2003] |
|
| 264 | 3 |
_aLund : _bStudentlitteratur, _c2011 |
|
| 264 | 4 | _c©2003 | |
| 300 |
_a315 sidor _c23 cm |
||
| 336 |
_atext _btxt _2rdacontent |
||
| 337 |
_aunmediated _bn _2rdamedia |
||
| 338 |
_avolume _bnc _2rdacarrier |
||
| 340 | _b23 cm | ||
| 500 | _a2. tr., 2005 ; 3. tr., 2006. | ||
| 650 | 7 |
_aPsykologer _xyrkesetik. _2sao |
|
| 650 | 2 | _aEthics, professional. | |
| 650 | 7 |
_aEtik. _2albt//swe |
|
| 650 | 7 |
_aArbetspsykologi. _2albt//swe |
|
| 650 | 7 |
_aPsykologer. _2albt//swe |
|
| 653 | _aYrkesetik | ||
| 653 | _aPsykologer | ||
| 700 | 1 |
_aErlandsson, Anita, _d1967- _4trl _0https://libris.kb.se/hftx4kk100hbtgr#it |
|
| 887 |
_a{"@id":"07vslvp0xnqn9q6h","modified":"2018-12-11T10:23:01.75+01:00","checksum":"91116177779"} _2librisxl |
||
| 887 |
_a{"@id":"cl75z8k29dhxbfrr","modified":"2018-06-27T11:13:10.904+02:00","checksum":"61892757141"} _2librisxl |
||
| 887 |
_a{"@id":"19j31sx9zll20kxt","modified":"2020-02-26T14:04:17.261+01:00","checksum":"63925883996"} _2librisxl |
||
| 942 |
_2z _cBOOK |
||